| 000 | 00424nam a2200121 a 4500 | ||
|---|---|---|---|
| 008 | 120416s1976 xx |||||||||||||| || u | ||
| 050 | _aNA 9052 Edw | ||
| 100 | _aEdwards, Trystan A | ||
| 245 | 1 | 0 | _aGood and bad manners in architecture |
| 260 | _c1976 | ||
| 350 | _a0.00 | ||
| 995 |
_D0.00 _FCBU-MAIN LIBRARY (Kitwe) _H1 _I4.00 _UAVAILABLE _ZAnnex Low-Usage Collection |
||
| 999 |
_c44779 _d44779 |
||